01071aam a2200229 a 450000100100000000500170001000800410002704000250006808200210009324500930011426001370020730000210034450400290036565000500039470000370044470000410048170000420052270000410056471000970060595201240070299900150082600000643920200929153930.0850510s1982 cl br i001 0 spa  aDO-SdBNPbspacBNPHU a016.98331bG943a00aGuía de los archivos históricos de Santiago /cJuan Eyzaguirre Escobar ... [et al.]. aSantiago :bInstituto Panamericano de Geografía e Historia, Sección Chilena. Comisión de Historia/Comité de Archivos,c1982. a100 p. ;c21 cm. aBibliografía : p. 8-9. 4aArchivoszChilezSantiagoxDirectorios9178731 aEyzaguirre Escobar, Juan.9178741 aGonzález Echenique, Javier.9178751 aMatte Varas, José Joaquín.9178761 aRamírez Ramírez, Ramón.9178771 aInstituto Panamericano de Geografía e Historia.bComité de Archivos Históricos.917878 001052708MOaGRbGRcCTd2009-08-31iLF1l0o016.98331 G943ap6439-10r2020-06-25w2020-06-25y2ZPréstamo interno c6234d6234